[Event "13. Bayer Open"]
[Site "Leverkusen"]
[Date "2015.02.09"]
[Round "4.13"]
[White "Schwark, Mario"]
[Black "Sockel, Karl-Heinz"]
[Result "0-1"]
[WhiteElo "1816"]
[BlackElo "1893"]
[PlyCount "126"]
[EventDate "2015.??.??"]
[WhiteTeam "SG Kalker/Deutzer"]
[BlackTeam "SC Bayer Leverkusen"]

1. d4 f5 2. Nc3 Nf6 3. h3 g6 4. g4 d6 5. gxf5 Bxf5 6. Bg2 d5 7. f3 Qd6 8. e4
Qg3+ 9. Kf1 Be6 10. Nge2 Qh4 11. Qe1 Qxe1+ 12. Kxe1 c6 13. Nf4 Bg8 14. e5 Nfd7
15. Nd3 Na6 16. Be3 Be6 17. a3 Bg7 18. Kd2 O-O-O 19. b4 Nxe5 20. Nxe5 Bxe5 21.
b5 Nb8 22. dxe5 d4 23. Bg5 dxc3+ 24. Kxc3 Rd7 25. Rhd1 Rhd8 26. Rxd7 Rxd7 27.
a4 Bf5 28. Be3 cxb5 29. axb5 Rc7+ 30. Kb3 Bxc2+ 31. Kb4 a6 32. Bb6 Rd7 33. h4
Rd2 34. Bh3+ Nd7 35. Rc1 Rh2 36. Bxd7+ Kxd7 37. bxa6 bxa6 38. Ka5 Ke6 39. Kxa6
Bd3+ 40. Kb7 Rxh4 41. Bc7 Bc4 42. Kb6 Bd5 43. Rc3 Rf4 44. Kc5 Bxf3 45. Rd3 h5
46. Rd4 Rxd4 47. Kxd4 Kf5 48. Ke3 Bd5 49. Kf2 Kg4 50. Kg1 e6 51. Kh2 Be4 52.
Bd8 Kf4 53. Bc7 g5 54. Bd8 Bf5 55. Bf6 h4 56. Bd8 h3 57. Be7 g4 58. Bh4 Kxe5
59. Kg3 Ke4 60. Bg5 e5 61. Kf2 Kd3 62. Bh6 h2 63. Kg2 g3 0-1

[Event "13. Bayer Open"]
[Site "Leverkusen"]
[Date "2015.02.09"]
[Round "4.14"]
[White "Bub, Volker"]
[Black "Gutt, Stefan"]
[Result "1/2-1/2"]
[WhiteElo "2029"]
[BlackElo "1808"]
[PlyCount "84"]
[EventDate "2015.??.??"]
[WhiteTeam "SC Tornado Hochneukirch"]
[BlackTeam "Bergische SF"]

1. g3 Nf6 2. Bg2 d5 3. d3 c5 4. Nf3 Nc6 5. O-O e5 6. Nbd2 Be7 7. e4 d4 8. a4
O-O 9. h3 Qc7 10. Ne1 Ne8 11. f4 f5 12. exf5 exf4 13. g4 Ne5 14. Rxf4 Ng6 15.
Rf1 Nf4 16. Ne4 Nxg2 17. Nxg2 Bd7 18. Bf4 Qc6 19. b3 Nf6 20. Nxf6+ Qxf6 21. Qd2
Qc6 22. Rae1 Rae8 23. Re2 a6 24. Rfe1 Bd8 25. Rxe8 Rxe8 26. Rxe8+ Bxe8 27. Qe2
Bf7 28. g5 Bd5 29. h4 Bf3 30. Qf2 Qd5 31. Qg3 Bxg2 32. Qxg2 Qxf5 33. Qxb7 Qg4+
34. Qg2 Qe6 35. Kf2 g6 36. Qe4 Qd7 37. Be5 Be7 38. Kg3 Qe6 39. Qa8+ Bf8 40. Qe4
Be7 41. Qf4 Qd5 42. Qe4 Qe6 1/2-1/2

[Event "13. Bayer Open"]
[Site "Leverkusen"]
[Date "2015.02.09"]
[Round "4.15"]
[White "Hennig, Edgar"]
[Black "Wille, Thomas"]
[Result "0-1"]
[WhiteElo "1901"]
[BlackElo "1973"]
[PlyCount "86"]
[EventDate "2015.??.??"]
[WhiteTeam "Satranç Club"]
[BlackTeam "Krefelder SK Turm"]

1. e4 c5 2. c3 d5 3. exd5 Qxd5 4. d4 Nf6 5. Nf3 Nc6 6. Na3 a6 7. Bc4 Qe4+ 8.
Be3 e6 9. Bd3 Qg4 10. dxc5 Nd5 11. Nc2 Qxg2 12. Rg1 Nxe3 13. Rxg2 Nxd1 14. Rxd1
g6 15. b4 Bg7 16. Ncd4 Bd7 17. Bc4 Ne5 18. Nxe5 Bxe5 19. Rd3 O-O-O 20. Kd2 Bf4+
21. Kc2 e5 22. Rf3 g5 23. c6 bxc6 24. Bxa6+ Kc7 25. Ne2 Bf5+ 26. Rd3 Ra8 27.
Bc4 Rhd8 28. Nxf4 gxf4 29. Rg5 Bxd3+ 30. Bxd3 Rxa2+ 31. Kb3 Rxf2 32. Bxh7 Rxh2
33. Be4 f6 34. Rg6 Rd6 35. Kc4 f5 36. Rg7+ Rd7 37. Rxd7+ Kxd7 38. Bxf5+ Kd6 39.
Kd3 Rb2 40. Be4 Rh2 41. Bf5 Rg2 42. Be4 Rg3+ 43. Kd2 Kc7 0-1

[Event "13. Bayer Open"]
[Site "Leverkusen"]
[Date "2015.02.09"]
[Round "4.16"]
[White "Witte, Volker"]
[Black "Wirtz, Uwe"]
[Result "1/2-1/2"]
[WhiteElo "1669"]
[BlackElo "1825"]
[PlyCount "44"]
[EventDate "2015.??.??"]
[WhiteTeam "SF Schlebusch"]
[BlackTeam "Königsspringer Leverkusen"]

1. d4 d5 2. c4 e6 3. Nc3 Nf6 4. cxd5 exd5 5. Bg5 c6 6. e3 h6 7. Bh4 Be7 8. Bd3
O-O 9. Qc2 Re8 10. Nge2 Nbd7 11. O-O-O Ne4 12. Bxe7 Qxe7 13. Bxe4 dxe4 14. Kb1
Nf6 15. h3 Be6 16. b3 Bd5 17. Nf4 Rec8 18. Qd2 a5 19. Na4 Rc7 20. Rc1 g5 21.
Nb6 Ra6 22. Nfxd5 Nxd5 1/2-1/2

[Event "13. Bayer Open"]
[Site "Leverkusen"]
[Date "2015.02.09"]
[Round "4.17"]
[White "Spiekermann, Stefan"]
[Black "Schlenter, Rüdiger"]
[Result "1-0"]
[WhiteElo "1988"]
[BlackElo "1872"]
[PlyCount "55"]
[EventDate "2015.??.??"]
[WhiteTeam "SV Menden"]
[BlackTeam "SV Mülheim-Nord"]

1. c4 c5 2. g3 g6 3. Bg2 Bg7 4. Nc3 Nc6 5. Nf3 Nf6 6. d4 cxd4 7. Nxd4 O-O 8.
O-O Nxd4 9. Qxd4 d6 10. Qd3 Nd7 11. b3 a5 12. Be3 Nc5 13. Qd2 Bd7 14. Rad1 Bc6
15. Bxc6 bxc6 16. Bxc5 dxc5 17. Qxd8 Rfxd8 18. Na4 Rd6 19. Nxc5 Rad8 20. Rxd6
Rxd6 21. Nb7 Rd2 22. Nxa5 c5 23. e3 Bc3 24. Nc6 Kf8 25. a3 Rd6 26. Na7 Bb2 27.
Rb1 Rd2 28. Nb5 1-0

[Event "13. Bayer Open"]
[Site "Leverkusen"]
[Date "2015.02.09"]
[Round "4.18"]
[White "Vranidis, Athanassios"]
[Black "Erdmann, Kristian"]
[Result "1/2-1/2"]
[WhiteElo "1820"]
[BlackElo "1966"]
[PlyCount "53"]
[EventDate "2015.??.??"]
[WhiteTeam "SG Solingen"]
[BlackTeam "Königsspringer Leverkusen"]

1. d4 d5 2. c4 e5 3. cxd5 Qxd5 4. Nf3 Nc6 5. Nc3 Bb4 6. Bd2 Bxc3 7. Bxc3 e4 8.
Ne5 Nge7 9. Nxc6 Nxc6 10. e3 O-O 11. Be2 Qg5 12. Qd2 Rd8 13. O-O-O Be6 14. Kb1
a5 15. h4 Qd5 16. b3 b5 17. f3 f5 18. Qc2 Nb4 19. Bxb4 axb4 20. Qc5 Qb7 21.
Qxb4 Qa7 22. Rd2 c5 23. Qc3 cxd4 24. exd4 Rdc8 25. Qb2 e3 26. Rdd1 f4 27. Bd3 {
Restliche Notation unvollständig.} 1/2-1/2

[Event "13. Bayer Open"]
[Site "Leverkusen"]
[Date "2015.02.09"]
[Round "4.19"]
[White "Scharff, Klaus"]
[Black "van Kempen, Heinz"]
[Result "1-0"]
[WhiteElo "1857"]
[BlackElo "1724"]
[PlyCount "103"]
[EventDate "2015.??.??"]
[WhiteTeam "SV Opladen"]
[BlackTeam "SV Opladen"]

1. d4 Nf6 2. c4 e6 3. Nc3 Bb4 4. f3 d5 5. Bg5 O-O 6. e4 dxe4 7. fxe4 h6 8. Bxf6
Qxf6 9. Nf3 b6 10. a3 Bxc3+ 11. bxc3 Bb7 12. Bd3 Nd7 13. O-O Qe7 14. e5 c5 15.
Bc2 Rfd8 16. Qd3 Nf8 17. Qe3 Rac8 18. Bd3 Rd7 19. Rad1 Rcd8 20. Rd2 Kh8 21.
Rdf2 Bxf3 22. Rxf3 cxd4 23. cxd4 Rxd4 24. Bc2 R4d7 25. h3 Nh7 26. Kh1 Rf8 27.
Rf4 Qc5 28. Qe2 Qxa3 29. h4 Qe7 30. Qe4 g6 31. Rg4 Rfd8 32. Qe3 h5 33. Rgf4 Kg7
34. Qg3 Nf8 35. Rf6 Qc5 36. R1f4 b5 37. Qg5 bxc4 38. Rf3 a5 39. R6f4 a4 40. Rf1
a3 41. g4 Qe7 42. Rf6 hxg4 43. h5 Qc5 44. hxg6 Qc6+ 45. Kg1 Qc5+ 46. R6f2 Nxg6
47. Qf6+ Kh7 48. Kh1 Qc6+ 49. Kh2 Rh8 50. Kg3 Kg8 51. Bxg6 Rh3+ 52. Kxg4 1-0

[Event "13. Bayer Open"]
[Site "Leverkusen"]
[Date "2015.02.09"]
[Round "4.20"]
[White "Lessing, Sebastian"]
[Black "Grah, Ulrich"]
[Result "0-1"]
[WhiteElo "1657"]
[BlackElo "1816"]
[PlyCount "36"]
[EventDate "2015.??.??"]
[WhiteTeam "SC Bayer Leverkusen"]
[BlackTeam "SG Solingen"]

1. d4 Nf6 2. c4 g6 3. Nc3 Bg7 4. e4 d6 5. Bd3 O-O 6. f3 Nc6 7. Be3 e5 8. d5 Nd4
9. Nge2 Nd7 10. O-O f5 11. Bxd4 exd4 12. Nb5 Ne5 13. Nbxd4 fxe4 14. fxe4 Rxf1+
15. Kxf1 Qh4 16. Nf3 Nxf3 17. gxf3 Qxh2 18. Ng1 Bd4 0-1

[Event "13. Bayer Open"]
[Site "Leverkusen"]
[Date "2015.02.09"]
[Round "4.21"]
[White "Elshani, Shaip"]
[Black "Birnkott, Manfred"]
[Result "0-1"]
[WhiteElo "1581"]
[BlackElo "1888"]
[PlyCount "92"]
[EventDate "2015.??.??"]
[WhiteTeam "SC Bayer Leverkusen"]
[BlackTeam "SC Bayer Leverkusen"]

1. d4 d5 2. f4 g6 3. Bd2 Bg7 4. c3 Nf6 5. Nf3 Ne4 6. e3 O-O 7. Qc2 Bf5 8. Bd3
e6 9. Na3 Nd7 10. Rg1 Ndf6 11. Ne5 Nxd2 12. Bxf5 exf5 13. Kxd2 Ne4+ 14. Ke2 f6
15. Nf3 Re8 16. Rae1 c6 17. Kd1 b5 18. g4 fxg4 19. Rxg4 Bf8 20. Nb1 b4 21. Reg1
bxc3 22. Nxc3 Rb8 23. h4 Qa5 24. h5 Rxb2 25. Qxb2 Nxc3+ 26. Kc2 Rxe3 27. hxg6
h5 28. R4g3 Re2+ 29. Nd2 Rxd2+ 30. Kxd2 Na4+ 31. Kc2 Nxb2 32. Kxb2 Qd2+ 33. Kb3
Bg7 34. f5 Qxd4 35. R1g2 c5 36. Kc2 Qe4+ 37. Kd1 Qxf5 38. Rg1 d4 39. Rb3 Qc8
40. Kc1 c4 41. Rb5 a6 42. Rb6 c3 43. Rd6 Qe8 44. Kd1 Qe3 45. Rg2 Qf3+ 46. Re2
d3 0-1

[Event "13. Bayer Open"]
[Site "Leverkusen"]
[Date "2015.02.09"]
[Round "4.22"]
[White "van Hove, Ode"]
[Black "Kuhn, Andreas"]
[Result "0-1"]
[WhiteElo "1461"]
[BlackElo "1904"]
[PlyCount "68"]
[EventDate "2015.??.??"]
[WhiteTeam "SV Schewe Torm/Derendorf"]
[BlackTeam "SG Niederkassel"]

1. e4 d6 2. d4 Nf6 3. Nc3 Nbd7 4. f4 e5 5. Nf3 exd4 6. Nxd4 g6 7. Bc4 Bg7 8.
O-O O-O 9. Nf3 Qe7 10. Qe2 c6 11. Bd2 b5 12. Bd3 Bb7 13. Rfe1 Rfe8 14. a3 a6
15. Rab1 c5 16. Nd5 Nxd5 17. exd5 Qf8 18. Qf1 Bxd5 19. c3 f5 20. c4 Rxe1 21.
Bxe1 bxc4 22. Bxc4 Bxc4 23. Qxc4+ Qf7 24. Qd3 d5 25. Ng5 Bd4+ 26. Kh1 Qe7 27.
Bd2 Nf6 28. Nf3 Ne4 29. Be1 Qf6 30. Nxd4 Qxd4 31. Qb3 c4 32. Qb7 Re8 33. Qd7
Nf6 34. Qd6 Qe4 0-1

[Event "13. Bayer Open"]
[Site "Leverkusen"]
[Date "2015.02.09"]
[Round "4.23"]
[White "Schimpf, Rolf"]
[Black "Wrzesniak, Marek"]
[Result "0-1"]
[WhiteElo "1710"]
[BlackElo "1867"]
[PlyCount "142"]
[EventDate "2015.??.??"]
[WhiteTeam "SC Bayer Leverkusen"]
[BlackTeam "BSW Opladen"]

1. c4 Nf6 2. Nc3 e6 3. e4 d5 4. e5 Nfd7 5. cxd5 Nxe5 6. d4 Ng6 7. Bb5+ c6 8.
dxc6 bxc6 9. Ba4 Be7 10. Nf3 O-O 11. Be3 Qb6 12. Qe2 Ba6 13. Qc2 Qa5 14. Bb3
Nd7 15. O-O-O Rac8 16. Kb1 Nf6 17. h4 Nd5 18. h5 Nxc3+ 19. bxc3 Nh8 20. Ne5
Rfd8 21. Bd2 Qb6 22. Ka1 c5 23. dxc5 Qxc5 24. Qe4 Rxd2 25. Rxd2 Qxc3+ 26. Rb2
Ba3 27. Rhb1 Bxb2+ 28. Rxb2 Qc1+ 29. Rb1 Qc3+ 30. Rb2 Bb7 31. Qf4 Qc1+ 32. Qxc1
Rxc1+ 33. Rb1 Rxb1+ 34. Kxb1 Bxg2 35. Bd1 Bd5 36. a4 f6 37. Ng4 Kf7 38. Kb2 Ke7
39. Kc3 Nf7 40. Kb4 Nd6 41. Ne3 Bb7 42. Be2 g6 43. hxg6 hxg6 44. a5 f5 45. a6
Ba8 46. f4 Kf6 47. Kc5 Ne4+ 48. Kd4 g5 49. fxg5+ Nxg5 50. Nc4 e5+ 51. Ke3 Ke6
52. Na5 f4+ 53. Kf2 Ne4+ 54. Ke1 Nc3 55. Bc4+ Bd5 56. Kd2 Ne4+ 57. Ke1 Bxc4 58.
Nxc4 Nc5 59. Nb6 Nxa6 60. Nc8 Kd5 61. Nxa7 e4 62. Nb5 Nc5 63. Ke2 Ke5 64. Nc3
Ne6 65. Kd2 Nd4 66. Nd1 Nb3+ 67. Ke2 Kd4 68. Nf2 f3+ 69. Ke1 e3 70. Ng4 Nc5 71.
Kf1 e2+ 0-1

[Event "13. Bayer Open"]
[Site "Leverkusen"]
[Date "2015.02.09"]
[Round "4.24"]
[White "Jiritschka, Wolfgang"]
[Black "Kronseder, Michael"]
[Result "1/2-1/2"]
[WhiteElo "1847"]
[BlackElo "1526"]
[PlyCount "91"]
[EventDate "2015.??.??"]
[WhiteTeam "SC Bayer Leverkusen"]
[BlackTeam "SV Hürth-Berrenrath"]

1. c4 e5 2. Nc3 Nc6 3. g3 f5 4. Bg2 Nf6 5. d3 Bb4 6. Qb3 a5 7. Bd2 Nd4 8. Qd1
c6 9. e3 Ne6 10. Nge2 Nc5 11. Qc2 e4 12. Nc1 d5 13. O-O O-O 14. cxd5 cxd5 15.
a3 Bxc3 16. Bxc3 b6 17. Bxa5 exd3 18. Nxd3 Nxd3 19. Bc3 Nc5 20. Bxf6 Rxf6 21.
Rfd1 Bb7 22. b4 Ne4 23. Rd4 Rc6 24. Qa2 Rc7 25. Bxe4 fxe4 26. Rxe4 Rf7 27. Rd4
Qf6 28. Qe2 Re8 29. Rad1 Re4 30. a4 Rxd4 31. Rxd4 Rc7 32. a5 bxa5 33. bxa5 Rc1+
34. Rd1 Rxd1+ 35. Qxd1 Qa6 36. Qb3 Qc6 37. Qb6 Qxb6 38. axb6 Kf7 39. Kf1 Ke6
40. Ke2 Kd6 41. Kd3 Kc5 42. Kc3 Kxb6 43. Kd4 Kc7 44. Ke5 Kd7 45. h4 Ke7 46. g4
1/2-1/2

[Event "13. Bayer Open"]
[Site "Leverkusen"]
[Date "2015.02.09"]
[Round "4.25"]
[White "Roßkothen, Arnd"]
[Black "Gelsok, Philipp"]
[Result "1-0"]
[WhiteElo "2045"]
[BlackElo "1894"]
[PlyCount "113"]
[EventDate "2015.??.??"]
[WhiteTeam "Uedemer SC"]
[BlackTeam "Bergische SF"]

1. b3 Nf6 2. Bb2 g6 3. Bxf6 exf6 4. c4 Bg7 5. Nc3 f5 6. g3 O-O 7. Bg2 d6 8. e3
c6 9. Rc1 Nd7 10. Nge2 Nf6 11. O-O Be6 12. Nf4 Re8 13. d4 Bd7 14. b4 Ne4 15.
Qd2 Nxc3 16. Qxc3 a5 17. a3 axb4 18. axb4 Qc7 19. c5 d5 20. Ra1 Reb8 21. b5 Qd8
22. b6 Be8 23. Rxa8 Rxa8 24. Ra1 Rb8 25. Ra7 g5 26. Nd3 f6 27. f4 Qe7 28. Kf2
Bf7 29. Nb4 Qe8 30. Nd3 Qc8 31. Qa3 Be6 32. Nb4 h6 33. Bf3 Kh7 34. h4 g4 35.
Be2 Qe8 36. Bd3 h5 37. Qa2 Kg6 38. Qa3 Bd7 39. Bc2 Bh6 40. Bd3 Bg7 41. Qa4 Bh6
42. Bc2 Bg7 43. Na6 bxa6 44. Qxa6 Bc8 45. b7 Bxb7 46. Rxb7 Qc8 47. Bxf5+ Qxf5
48. Rxb8 Qe4 49. Qe2 Qh1 50. Rb2 Qh2+ 51. Ke1 Qxg3+ 52. Qf2 Qh3 53. Re2 g3 54.
Qf3 Qxh4 55. Rg2 Qh1+ 56. Ke2 h4 57. Rxg3+ 1-0

[Event "13. Bayer Open"]
[Site "Leverkusen"]
[Date "2015.02.09"]
[Round "4.26"]
[White "Hartmann, Stephan"]
[Black "Weiser, Hans-Josef"]
[Result "1/2-1/2"]
[WhiteElo "1485"]
[BlackElo "2010"]
[PlyCount "50"]
[EventDate "2015.??.??"]
[WhiteTeam "SG Idstein"]
[BlackTeam "Bergische SF"]

1. c4 Nf6 2. Nc3 e6 3. g3 d5 4. cxd5 exd5 5. d4 c6 6. Bg2 Bd6 7. Nf3 O-O 8. O-O
Re8 9. Qc2 Bg4 10. h3 Bh5 11. Nh4 Nbd7 12. g4 Bg6 13. Nxg6 hxg6 14. Bg5 Rc8 15.
f4 Be7 16. f5 gxf5 17. Qxf5 Rf8 18. Qd3 Nh7 19. Bxe7 Qxe7 20. Rae1 Qh4 21. e4
dxe4 22. Rxe4 Nhf6 23. Ref4 Nb6 24. Qf5 Qh7 25. Qg5 Kh8 1/2-1/2

[Event "13. Bayer Open"]
[Site "Leverkusen"]
[Date "2015.02.09"]
[Round "4.27"]
[White "Bosbach, Jens"]
[Black "Alexopoulos, Spiros Orestis"]
[Result "0-1"]
[WhiteElo "1806"]
[BlackElo "1789"]
[PlyCount "110"]
[EventDate "2015.??.??"]
[WhiteTeam "Langenfelder SF"]
[BlackTeam "Aachener SV"]

1. d4 Nf6 2. Nf3 c5 3. e3 g6 4. c4 cxd4 5. Nxd4 Bg7 6. Nc3 O-O 7. Be2 d5 8. O-O
e5 9. Nf3 e4 10. Nd4 Nbd7 11. Qc2 Ne5 12. cxd5 Bf5 13. Nxf5 gxf5 14. f4 Neg4
15. h3 Nh6 16. Qb3 b6 17. Rd1 Nd7 18. Bd2 Kh8 19. Rac1 Nc5 20. Qc2 Rg8 21. b4
Nd7 22. Nb5 Rc8 23. Qb3 a6 24. Rxc8 Qxc8 25. Rc1 Qd8 26. Nc7 Qf6 27. Nxa6 Qg6
28. Bf1 Bf6 29. Qd1 Qg3 30. Kh1 Ng4 31. hxg4 Rxg4 32. Rc8+ Kg7 33. Qe1 Rh4+ 34.
Kg1 Qh2+ 35. Kf2 Rxf4+ 36. exf4 Bh4+ 37. Ke2 Bxe1 38. Kxe1 Qg3+ 39. Kd1 Qf2 40.
Bb5 e3 41. Be1 Qxg2 42. Bc4 Qe4 43. b5 Qxf4 44. Bc3+ Kh6 45. Be2 Qa4+ 46. Kc1
Qxa2 47. Bc4 Qf2 48. Re8 f4 49. Kd1 Kh5 50. d6 f6 51. Be1 Qb2 52. Bd3 Ne5 53.
Rxe5+ fxe5 54. d7 f3 55. Bc3 Qxc3 0-1

[Event "13. Bayer Open"]
[Site "Leverkusen"]
[Date "2015.02.09"]
[Round "4.28"]
[White "Pützkaul, Karl"]
[Black "Asadzade, Idris"]
[Result "1/2-1/2"]
[WhiteElo "1737"]
[BlackElo "1525"]
[PlyCount "110"]
[EventDate "2015.??.??"]
[WhiteTeam "SC Bayer Leverkusen"]
[BlackTeam "SG Porz"]

1. d4 Nf6 2. c4 c5 3. e3 e6 4. Nf3 d5 5. Nc3 Nc6 6. a3 b6 7. cxd5 exd5 8. Ne5
Bb7 9. Bb5 Rc8 10. O-O Be7 11. Qa4 Qc7 12. Bd2 O-O 13. Bxc6 Bxc6 14. Nxc6 Qxc6
15. f3 Qxa4 16. Nxa4 cxd4 17. exd4 Rc4 18. Nc3 Rxd4 19. Be3 Rd3 20. Bg5 Bc5+
21. Kh1 d4 22. Bxf6 gxf6 23. Ne4 f5 24. Ng3 f4 25. Nh5 Bd6 26. Nf6+ Kg7 27. Ne4
Be5 28. Rfd1 Rxd1+ 29. Rxd1 Rc8 30. h3 h6 31. Nf2 Rc2 32. Nd3 f6 33. Kg1 Kg6
34. Kf1 Kg5 35. Re1 Kh4 36. Re2 Rxe2 37. Kxe2 Kg3 38. Kf1 Bd6 39. a4 a5 40. Nc1
Be5 41. Ne2+ Kh4 42. Nc1 Kg5 43. Ke2 Kh4 44. Kf2 Kg5 45. b3 Kf5 46. Nd3 Bd6 47.
Ke2 Ke6 48. Nb2 Kd5 49. Nd3 Ke6 50. Nb2 Kd5 51. Nd3 Ke6 52. Kf2 Kd5 53. Ke2 Ke6
54. Nb2 Kd5 55. Nd3 Ke6 1/2-1/2

[Event "13. Bayer Open"]
[Site "Leverkusen"]
[Date "2015.02.09"]
[Round "4.29"]
[White "Gnass, Arno"]
[Black "Kamphausen, Johannes-Dieter"]
[Result "1-0"]
[WhiteElo "1664"]
[BlackElo "1722"]
[PlyCount "99"]
[EventDate "2015.??.??"]
[WhiteTeam "TSV Bergisch Gladbach"]
[BlackTeam "SV Springer Hitdorf"]

1. d4 Nf6 2. Bg5 d5 3. Bxf6 exf6 4. Nf3 Bd6 5. e3 O-O 6. Bd3 Bg4 7. Nbd2 Nd7 8.
a3 c6 9. O-O Bh5 10. c4 g6 11. cxd5 cxd5 12. Qb3 f5 13. Qxd5 Nf6 14. Qb3 Ne4
15. Bxe4 fxe4 16. Nxe4 Bxf3 17. gxf3 Bc7 18. Rac1 Bb6 19. Rc2 Kg7 20. Rfc1 Qd7
21. Ng3 h5 22. Qd3 Rae8 23. Kh1 h4 24. Ne4 Qf5 25. Qe2 Re7 26. Rg1 f6 27. Rcc1
Qh5 28. Nc5 Qd5 29. Rg4 g5 30. Rcg1 Kh6 31. Re4 Rfe8 32. Rxe7 Rxe7 33. Ne4 Re6
34. Qf1 Rc6 35. Qg2 Bd8 36. Qh3 f5 37. Nc3 Qf7 38. d5 Rg6 39. Qf1 g4 40. f4 h3
41. Qc4 Bh4 42. Nd1 Rc6 43. Qd4 Bf6 44. Qd3 Qd7 45. Qb5 Qe7 46. Qd3 Qd7 47. e4
Rd6 48. Ne3 fxe4 49. Qxe4 Kh5 50. f5 1-0

[Event "13. Bayer Open"]
[Site "Leverkusen"]
[Date "2015.02.09"]
[Round "4.30"]
[White "Bießner, Eberhard"]
[Black "Meyer, Stefan"]
[Result "1-0"]
[WhiteElo "1760"]
[BlackElo "1692"]
[PlyCount "77"]
[EventDate "2015.??.??"]
[WhiteTeam "Rheydter SV"]
[BlackTeam "SV Grevenbroich"]

1. e4 Nf6 2. Nc3 e5 3. Nf3 Nc6 4. d4 Bb4 5. d5 Ne7 6. Bd3 Ng6 7. Bd2 a6 8. O-O
d6 9. h3 O-O 10. Nh2 Bc5 11. Ne2 Nh5 12. Kh1 Qh4 13. Nf3 Qe7 14. c4 Bd7 15. Qc2
Qe8 16. g4 Nf6 17. Bg5 Qe7 18. Nh4 h6 19. Nxg6 fxg6 20. Bh4 g5 21. Bg3 Qf7 22.
f3 h5 23. a3 h4 24. Bf2 Bxf2 25. Rxf2 Qe7 26. Ng1 Rf7 27. Raf1 Nh7 28. b4 Nf8
29. c5 Ng6 30. Ne2 Nf4 31. Nxf4 Rxf4 32. a4 Qe8 33. Ra1 Qf7 34. Kg2 Rf8 35. Qe2
Qe8 36. Qc2 Qf7 37. Be2 Bxg4 38. hxg4 Rxg4+ 39. Kf1 {
Restliche Notation leider unklar.} 1-0

[Event "13. Bayer Open"]
[Site "Leverkusen"]
[Date "2015.02.09"]
[Round "4.31"]
[White "Yon, Gregory"]
[Black "Ziabari, Morteza"]
[Result "0-1"]
[WhiteElo "1517"]
[BlackElo "1792"]
[PlyCount "108"]
[EventDate "2015.??.??"]
[WhiteTeam "TSV Bergisch Gladbach"]
[BlackTeam "Kettwiger SG"]

1. c4 c5 2. Nf3 Nc6 3. Nc3 Nf6 4. d4 cxd4 5. Nxd4 Nxd4 6. Qxd4 g6 7. e4 d6 8.
Be2 Bg7 9. O-O O-O 10. Qd3 Be6 11. Bg5 Rc8 12. b3 h6 13. Bd2 Nd7 14. Rad1 Nc5
15. Qc2 f5 16. Bf3 fxe4 17. Bxe4 Nxe4 18. Qxe4 Qd7 19. Qxg6 Bf5 20. Qg3 Rf6 21.
Nd5 Rg6 22. Qf3 Rf8 23. Nf4 Rg5 24. Rde1 Bg4 25. Qd3 Be5 26. Rxe5 dxe5 27. Nd5
Bf5 28. Qc3 Rg6 29. Qxe5 e6 30. Nf4 Qxd2 31. Nxg6 Bxg6 32. Qxe6+ Kh7 33. Qd5
Qxa2 34. Qxb7+ Rf7 35. Qd5 Qxb3 36. f3 Rc7 37. Rd1 a5 38. Qd8 Qxc4 39. Rd7+
Rxd7 40. Qxd7+ Qf7 41. Qa4 Qa7+ 42. Kh1 h5 43. h3 Qc7 44. Kg1 Bc2 45. Qh4 Qc5+
46. Kh1 a4 47. Qf6 Bg6 48. Qa6 a3 49. Qb7+ Kh6 50. Qb3 Qc1+ 51. Kh2 Qb2 52. Qg8
a2 53. Qf8+ Qg7 54. Qf4+ Kh7 0-1

[Event "13. Bayer Open"]
[Site "Leverkusen"]
[Date "2015.02.09"]
[Round "4.32"]
[White "Boschek, Hans-Joachim"]
[Black "Prößdorf, Lennard"]
[Result "1-0"]
[WhiteElo "1838"]
[BlackElo "1425"]
[PlyCount "99"]
[EventDate "2015.??.??"]
[WhiteTeam "SG Solingen"]
[BlackTeam "SC Bayer Leverkusen"]

1. c4 Nf6 2. g3 g6 3. Bg2 Bg7 4. Nc3 O-O 5. e4 d6 6. d3 Bg4 7. f3 Bd7 8. Nge2
c5 9. Be3 Nc6 10. O-O Rb8 11. Qd2 a6 12. a4 Nb4 13. d4 cxd4 14. Nxd4 Qc8 15.
Rfc1 Nc6 16. Nd5 Qe8 17. Nb6 Qd8 18. a5 Nxd4 19. Bxd4 Be6 20. Qc3 Bh6 21. Rd1
Nd7 22. Nxd7 Qxd7 23. b3 Qd8 24. f4 b6 25. axb6 Rxb6 26. Ra3 Rc6 27. Qb2 Qd7
28. Rda1 Rb8 29. Qa2 Bg7 30. Bxg7 Kxg7 31. f5 Qa7+ 32. Kh1 Bc8 33. e5 Rcb6 34.
f6+ exf6 35. exf6+ Kxf6 36. Qb2+ Ke7 37. Rf1 Bf5 38. g4 Be6 39. Qf6+ Ke8 40.
Raa1 Qe7 41. Qd4 Rxb3 42. c5 R3b4 43. Qh8+ Kd7 44. Qc3 Rc4 45. c6+ Kc8 46. Qa3
Ra8 47. Rab1 Ra7 48. Qb2 Qc7 49. Qh8+ Qd8 50. Rb8+ 1-0

[Event "13. Bayer Open"]
[Site "Leverkusen"]
[Date "2015.02.09"]
[Round "4.33"]
[White "Kayser, Manfred"]
[Black "Friedsam, Manfred"]
[Result "0-1"]
[WhiteElo "1502"]
[BlackElo "1754"]
[PlyCount "48"]
[EventDate "2015.??.??"]
[WhiteTeam "Königsspringer Leverkusen"]
[BlackTeam "Königsspringer Leverkusen"]

1. d4 e6 2. c4 d5 3. Nc3 c6 4. Nf3 dxc4 5. e4 b5 6. Be2 Bb4 7. O-O Bb7 8. e5
Bxc3 9. bxc3 Nd7 10. a4 Nb6 11. axb5 cxb5 12. Ba3 Qd7 13. Qc1 Ne7 14. Qg5 Ng6
15. Nd2 h6 16. Qg3 Nd5 17. Ne4 Ndf4 18. Nd6+ Qxd6 19. Bxd6 Nxe2+ 20. Kh1 Nxg3+
21. fxg3 a5 22. Rf2 Ne7 23. Raf1 Nf5 24. Bc5 Bxg2+ 0-1

[Event "13. Bayer Open"]
[Site "Leverkusen"]
[Date "2015.02.09"]
[Round "4.35"]
[White "Arnold, Bodo"]
[Black "Turp, Hüseyim"]
[Result "1-0"]
[WhiteElo "1626"]
[BlackElo "1582"]
[PlyCount "151"]
[EventDate "2015.??.??"]
[WhiteTeam "SF Schlebusch"]
[BlackTeam "Oberhausener SV"]

1. Nf3 d5 2. g3 f6 3. d4 c5 4. Bg2 cxd4 5. Nxd4 e5 6. Nf3 Bc5 7. O-O Nc6 8. c3
Bg4 9. Qb3 Bb6 10. h3 Bh5 11. e3 Nge7 12. Nbd2 O-O 13. Qa4 Qd6 14. b3 Bc5 15.
Bb2 a6 16. Qh4 Bf7 17. g4 Qc7 18. Rad1 e4 19. Nd4 Ne5 20. f4 Nd3 21. Ba1 Ng6
22. Qg3 Bd6 23. c4 Ndxf4 24. exf4 Bxf4 25. Rxf4 Nxf4 26. Qe3 Nxg2 27. Kxg2 Qa5
28. a4 Rfe8 29. cxd5 Bxd5 30. Nf5 Qc7 31. Nc4 Rad8 32. Rc1 Bf7 33. Ncd6 Qd7 34.
Nxe8 Qxe8 35. Re1 Qf8 36. Bd4 Qe8 37. Bc5 Qe5 38. b4 Qb2+ 39. Re2 Qb1 40. Nd6
Bd5 41. a5 Qd3 42. Kg3 Qb1 43. Nxe4 Bxe4 44. Qxe4 Qb3+ 45. Re3 Qf7 46. Qe6 Rd7
47. Qxf7+ Kxf7 48. h4 h6 49. Kf4 g6 50. g5 hxg5+ 51. hxg5 fxg5+ 52. Kxg5 Rd5+
53. Kg4 Rd7 54. Rf3+ Kg7 55. Rf4 Kg8 56. Rd4 Rc7 57. Kg5 Kf7 58. Rd6 Ke8 59.
Rxg6 Rf7 60. Rg8+ Kd7 61. Kg6 Rf1 62. Rg7+ Kc6 63. Rf7 Re1 64. Rf6+ Kd7 65. Kf7
Re2 66. Rd6+ Kc7 67. Rb6 Re4 68. Re6 Rg4 69. Re7+ Kc6 70. Re6+ Kc7 71. Rf6 Rg2
72. Ke7 Kc8 73. Bd6 Re2+ 74. Re6 Rd2 75. Re5 Rd3 76. Rc5# 1-0

[Event "13. Bayer Open"]
[Site "Leverkusen"]
[Date "2015.02.09"]
[Round "4.36"]
[White "Seelig, Jochen"]
[Black "Elsweiler, Karl-Heinz"]
[Result "1/2-1/2"]
[WhiteElo "1307"]
[BlackElo "1560"]
[PlyCount "95"]
[EventDate "2015.??.??"]
[WhiteTeam "SF Schlebusch"]
[BlackTeam "SV Opladen"]

1. Nf3 Nf6 2. b3 e6 3. Bb2 Be7 4. g3 d5 5. e3 c5 6. d3 Nc6 7. c4 d4 8. e4 e5 9.
Nbd2 Bg4 10. a3 O-O 11. h3 Bd7 12. g4 Ne8 13. Be2 Nc7 14. Nf1 Ne6 15. Bc1 a5
16. a4 f6 17. Nh4 Ng5 18. Ng2 Nb4 19. h4 Nf7 20. h5 h6 21. Nh4 Ng5 22. Ng3 Rf7
23. Ngf5 Bxf5 24. Nxf5 Qd7 25. Bxg5 fxg5 26. Kd2 Rd8 27. Qg1 Qc7 28. Rh3 Nc6
29. Kc2 Qb6 30. Qe1 Nb4+ 31. Kb2 Rdf8 32. Qd2 Bd8 33. Rah1 Nc6 34. f3 Ne7 35.
Nxe7+ Bxe7 36. Ka2 Bd8 37. Kb2 Qe6 38. Qd1 Rf4 39. R1h2 R8f6 40. Kc2 Qf7 41.
Rg2 Rb6 42. Kb2 Rb4 43. Ka2 Rf6 44. Qd2 Rfb6 45. Bd1 Qd7 46. Rhh2 Bc7 47. Qc1
Qe8 48. Rf2 1/2-1/2

[Event "13. Bayer Open"]
[Site "Leverkusen"]
[Date "2015.02.09"]
[Round "4.37"]
[White "Longerich, Hans-Peter"]
[Black "Stuch, Hans-Ferdinand"]
[Result "1/2-1/2"]
[WhiteElo "1375"]
[BlackElo "1608"]
[PlyCount "29"]
[EventDate "2015.??.??"]
[WhiteTeam "SC Bayer Leverkusen"]
[BlackTeam "SC Bonn Beuel"]

1. e4 g6 2. d4 Bg7 3. Nf3 d6 4. h3 Nf6 5. Nc3 O-O 6. Bc4 c5 7. O-O cxd4 8. Nxd4
a6 9. a4 Qc7 10. Ba2 Nc6 11. Nxc6 Qxc6 12. Re1 Be6 13. Nd5 Bxd5 14. Bxd5 Qc7
15. c3 1/2-1/2